| 000 | 00374nam a2200145Ia 4500 | ||
|---|---|---|---|
| 008 | 150201s2000 xx 000 0 und d | ||
| 082 |
_a617.6 _bD2000A |
||
| 100 | _aAXELESON | ||
| 245 | _aDIAGNOSIS & RISK PREDICTION OF DENTAL CARIES-2 | ||
| 250 | _a1ST | ||
| 260 |
_bQUINTESSENCE PUBLICATION _aCHICAGO _c2000 |
||
| 300 | _a1-308 | ||
| 650 | _aPEDODONTICS | ||
| 942 |
_2ddc _cBK |
||
| 999 |
_c4418 _d4418 |
||